<?xml version="1.0" encoding="UTF-8"?>
<collection xmlns="http://www.loc.gov/MARC21/slim">
<record>
  <controlfield tag="000">02439cam\a22005051a\4500</controlfield>
  <controlfield tag="001">16972</controlfield>
  <controlfield tag="005">20251009055132.0</controlfield>
  <controlfield tag="008">940421s1905\\\\pauaf\\\\\\\\\000\f\eng\\</controlfield>
  <datafield tag="010" ind1=" " ind2=" ">
    <subfield code="a">   05035597 </subfield>
  </datafield>
  <datafield tag="019" ind1=" " ind2=" ">
    <subfield code="a">367128906</subfield>
  </datafield>
  <datafield tag="035" ind1=" " ind2=" ">
    <subfield code="a">(OCoLC)ocm00292305</subfield>
  </datafield>
  <datafield tag="035" ind1=" " ind2=" ">
    <subfield code="a">(OCoLC)292305</subfield>
    <subfield code="z">(OCoLC)367128906</subfield>
  </datafield>
  <datafield tag="040" ind1=" " ind2=" ">
    <subfield code="a">DLC</subfield>
    <subfield code="b">eng</subfield>
    <subfield code="e">dcrmb</subfield>
    <subfield code="c">WSU</subfield>
    <subfield code="d">DLC</subfield>
    <subfield code="d">OCLCQ</subfield>
    <subfield code="d">OCLCG</subfield>
    <subfield code="d">CUY</subfield>
    <subfield code="d">KRTAS</subfield>
    <subfield code="d">OCLCA</subfield>
    <subfield code="d">P4I</subfield>
    <subfield code="d">OCLCQ</subfield>
    <subfield code="d">OCLCO</subfield>
    <subfield code="d">OCLCQ</subfield>
    <subfield code="d">OCLCF</subfield>
    <subfield code="d">OCLCQ</subfield>
    <subfield code="d">UIU</subfield>
    <subfield code="d">OCLCQ</subfield>
    <subfield code="d">OCLCO</subfield>
    <subfield code="d">UXG</subfield>
    <subfield code="d">UtOrBLW</subfield>
  </datafield>
  <datafield tag="050" ind1="0" ind2="0">
    <subfield code="a">PZ3.S838</subfield>
    <subfield code="b">S</subfield>
  </datafield>
  <datafield tag="050" ind1="1" ind2="4">
    <subfield code="a">PS3537.T423</subfield>
    <subfield code="b">S5 1905</subfield>
  </datafield>
  <datafield tag="082" ind1="0" ind2="4">
    <subfield code="a">822.33</subfield>
    <subfield code="b">G, St28</subfield>
  </datafield>
  <datafield tag="100" ind1="1" ind2=" ">
    <subfield code="a">Sterling, Sara Hawks,</subfield>
    <subfield code="0">n  82110049,</subfield>
    <subfield code="e">author.</subfield>
  </datafield>
  <datafield tag="240" ind1="1" ind2="0">
    <subfield code="a">Shake-speares sweetheart</subfield>
  </datafield>
  <datafield tag="245" ind1="1" ind2="0">
    <subfield code="a">Shake-speares sweetheart /</subfield>
    <subfield code="c">by Sara Hawks Sterling ; pictured by Clara Elsene Peck.</subfield>
  </datafield>
  <datafield tag="246" ind1="3" ind2=" ">
    <subfield code="a">Shakespeare's sweetheart</subfield>
  </datafield>
  <datafield tag="260" ind1=" " ind2=" ">
    <subfield code="a">Published at Philadelphia :</subfield>
    <subfield code="b">By George W. Jacobs &amp; Co.,</subfield>
    <subfield code="c">anno Domini 1905.</subfield>
  </datafield>
  <datafield tag="300" ind1=" " ind2=" ">
    <subfield code="a">[2], 281, [7] p., [5] leaves of plates :</subfield>
    <subfield code="b">col. ill. ;</subfield>
    <subfield code="c">23 cm</subfield>
  </datafield>
  <datafield tag="336" ind1=" " ind2=" ">
    <subfield code="a">text</subfield>
    <subfield code="b">txt</subfield>
    <subfield code="2">rdacontent</subfield>
  </datafield>
  <datafield tag="337" ind1=" " ind2=" ">
    <subfield code="a">unmediated</subfield>
    <subfield code="b">n</subfield>
    <subfield code="2">rdamedia</subfield>
  </datafield>
  <datafield tag="338" ind1=" " ind2=" ">
    <subfield code="a">volume</subfield>
    <subfield code="b">nc</subfield>
    <subfield code="2">rdacarrier</subfield>
  </datafield>
  <datafield tag="340" ind1=" " ind2=" ">
    <subfield code="p">illustration</subfield>
    <subfield code="2">rdaill</subfield>
  </datafield>
  <datafield tag="340" ind1=" " ind2=" ">
    <subfield code="p">plate</subfield>
  </datafield>
  <datafield tag="500" ind1=" " ind2=" ">
    <subfield code="a">"Published October, 1905"--Title leaf verso.</subfield>
  </datafield>
  <datafield tag="500" ind1=" " ind2=" ">
    <subfield code="a">First leaf and final three leaves are blank.</subfield>
  </datafield>
  <datafield tag="500" ind1=" " ind2=" ">
    <subfield code="a">Title within ornamental border; title vignette; ornamental initials; vignettes throughout.</subfield>
  </datafield>
  <datafield tag="500" ind1=" " ind2=" ">
    <subfield code="a">Frontispiece and plates facing p. 32, 84, 106 and 232. Decorations including ornamental title page, chapter headings, running title, initials and vignettes throughout.</subfield>
  </datafield>
  <datafield tag="530" ind1=" " ind2=" ">
    <subfield code="a">Portions of PR2935 .S85 1905 copy 1 also available as a digital reproduction.</subfield>
  </datafield>
  <datafield tag="583" ind1="0" ind2=" ">
    <subfield code="a">revised</subfield>
    <subfield code="c">2019-05-01</subfield>
    <subfield code="k">SEH</subfield>
    <subfield code="n">1</subfield>
    <subfield code="o">piece</subfield>
    <subfield code="2">local</subfield>
    <subfield code="5">DFo</subfield>
  </datafield>
  <datafield tag="585" ind1=" " ind2=" ">
    <subfield code="a">Washington, D.C., Folger Shakespeare Library, 2006. Golden Lads and Lasses.</subfield>
    <subfield code="5">DFo</subfield>
  </datafield>
  <datafield tag="600" ind1="1" ind2="0">
    <subfield code="a">Shakespeare, William,</subfield>
    <subfield code="d">1564-1616</subfield>
    <subfield code="v">Fiction.</subfield>
    <subfield code="0">sh 90004907 </subfield>
  </datafield>
  <datafield tag="600" ind1="1" ind2="0">
    <subfield code="a">Hathaway, Anne,</subfield>
    <subfield code="d">1556?-1623</subfield>
    <subfield code="0">nr 89007988</subfield>
    <subfield code="v">Fiction.</subfield>
    <subfield code="0">sh 99001562 </subfield>
  </datafield>
  <datafield tag="655" ind1=" " ind2="7">
    <subfield code="a">Illustrated books.</subfield>
    <subfield code="0">300311820</subfield>
    <subfield code="2">aat</subfield>
  </datafield>
  <datafield tag="655" ind1=" " ind2="7">
    <subfield code="a">Novels.</subfield>
    <subfield code="0">300202580</subfield>
    <subfield code="2">aat</subfield>
  </datafield>
  <datafield tag="700" ind1="1" ind2=" ">
    <subfield code="a">Peck, Clara Elsene,</subfield>
    <subfield code="d">1883-</subfield>
    <subfield code="0">nr 97033708,</subfield>
    <subfield code="e">illustrator.</subfield>
  </datafield>
  <datafield tag="700" ind1="1" ind2=" ">
    <subfield code="3">Sh.Misc. 2349</subfield>
    <subfield code="a">Folger, Henry Clay,</subfield>
    <subfield code="d">1857-1930,</subfield>
    <subfield code="0">nr2002007592,</subfield>
    <subfield code="e">annotator,</subfield>
    <subfield code="e">former owner.</subfield>
    <subfield code="5">DFo</subfield>
  </datafield>
  <datafield tag="700" ind1="1" ind2=" ">
    <subfield code="3">Sh.Misc. 2349</subfield>
    <subfield code="a">Folger, Emily C. J.</subfield>
    <subfield code="q">(Emily Clara Jordan),</subfield>
    <subfield code="d">1858-1936,</subfield>
    <subfield code="0">nr2003016105,</subfield>
    <subfield code="e">former owner.</subfield>
    <subfield code="5">DFo</subfield>
  </datafield>
  <datafield tag="710" ind1="2" ind2=" ">
    <subfield code="a">George W. Jacobs &amp; Co.,</subfield>
    <subfield code="0">no2008162966,</subfield>
    <subfield code="e">publisher.</subfield>
  </datafield>
  <datafield tag="752" ind1=" " ind2=" ">
    <subfield code="a">United States</subfield>
    <subfield code="b">Pennsylvania</subfield>
    <subfield code="d">Philadelphia,</subfield>
    <subfield code="e">publication place.</subfield>
    <subfield code="2">naf</subfield>
  </datafield>
  <datafield tag="852" ind1="0" ind2=" ">
    <subfield code="a">US-DFo</subfield>
    <subfield code="b">DeckB-Mod</subfield>
    <subfield code="h">PR2935</subfield>
    <subfield code="i">.S85 1905 copy 1</subfield>
    <subfield code="x">upd. SEH 20140626</subfield>
    <subfield code="7">17432</subfield>
    <subfield code="j">cs727</subfield>
  </datafield>
  <datafield tag="852" ind1="8" ind2=" ">
    <subfield code="a">US-DFo</subfield>
    <subfield code="b">DeckC-Rare</subfield>
    <subfield code="d">Add. 467?</subfield>
    <subfield code="h">Sh.Misc. 2349</subfield>
    <subfield code="z">Cloth boards, stamped in black and yellow, with inset color illustration. Deckle edges. Manuscript annotation by Henry Folger: E.G.J.F. Xmas, 1905. Given to Henry Folger by his wife Emily.</subfield>
    <subfield code="7">504821</subfield>
    <subfield code="j">cs2007?</subfield>
  </datafield>
  <datafield tag="856" ind1="4" ind2="1">
    <subfield code="u">https://digitalcollections.folger.edu/img6425</subfield>
    <subfield code="z">Digital image(s) of Folger Shakespeare Library PR2935 .S85 1905 copy 1</subfield>
  </datafield>
  <datafield tag="909" ind1="C" ind2="O">
    <subfield code="o">oai:catalog.folger.edu:16972</subfield>
    <subfield code="p">GLOBAL_SET</subfield>
  </datafield>
  <datafield tag="980" ind1=" " ind2=" ">
    <subfield code="a">BIB</subfield>
  </datafield>
  <datafield tag="983" ind1=" " ind2=" ">
    <subfield code="a">Vault</subfield>
  </datafield>
  <datafield tag="983" ind1=" " ind2=" ">
    <subfield code="a">Open stacks</subfield>
  </datafield>
  <datafield tag="983" ind1=" " ind2=" ">
    <subfield code="a">Online</subfield>
  </datafield>
</record>
</collection>